Los Angeles Clippers NBA All-Stars - Statistics

General Stats
  • This quiz has been taken 1,424 times
    523 since last reset
  • The average score is 8 of 15
Answer Stats
Players # Last % Correct
Blake Griffin 5 2015
99%
Chris Paul 5 2016
98%
Kawhi Leonard 4 2026
96%
Paul George 3 2024
93%
DeAndre Jordan 1 2017
89%
James Harden 1 2025
85%
Bob McAdoo 4 1977
75%
Elton Brand 2 2006
52%
Randy Smith 2 1978
34%
Chris Kaman 1 2010
33%
Danny Manning 2 1994
25%
World B. Free 1 1980
22%
Marques Johnson 1 1986
20%
Norm Nixon 1 1985
12%
Bob Kauffman 3 1973
6%
No matching quizzes found
Score Distribution
Percent of People with Each Score
Percentile by Number Answered
Your Score History
You have not taken this quiz since the last reset